| Tag |
First Indicator |
Second Indicator |
Subfields |
| LEADER |
00000cam a22000008i 4500 |
| 001 |
in00005776370 |
| 005 |
20260327191534.4 |
| 006 |
m o d |
| 007 |
cr ||||||||||| |
| 008 |
251002s2025 ne o 000 0 eng d |
| 040 |
|
|
|a UKMGB
|b eng
|e rda
|e pn
|c UKMGB
|d OCLCO
|d OPELS
|d UKAHL
|
| 015 |
|
|
|a GBC5C2553
|2 bnb
|
| 016 |
7 |
|
|a 300634611
|2 Uk
|
| 020 |
|
|
|a 9780443294150
|q ePub ebook
|
| 020 |
|
|
|a 0443294151
|q ePub ebook
|
| 020 |
|
|
|z 9780443294143
|
| 024 |
8 |
|
|a CIPO000298535
|
| 035 |
|
|
|a (OCoLC)1548372962
|
| 050 |
|
4 |
|a RC632.P7
|
| 082 |
0 |
4 |
|a 616.3995
|2 23
|
| 049 |
|
|
|a TXAM
|
| 245 |
0 |
0 |
|a Protein misfolding diseases /
|c volume editor, Ajaz A. Bhat.
|
| 264 |
|
1 |
|a Amsterdam :
|b Academic Press,
|c 2025.
|
| 300 |
|
|
|a 1 online resource (488 pages).
|
| 336 |
|
|
|a text
|b txt
|2 rdacontent
|
| 337 |
|
|
|a computer
|b c
|2 rdamedia
|
| 338 |
|
|
|a online resource
|b cr
|2 rdacarrier
|
| 490 |
0 |
|
|a Advances in protein chemistry and structural biology ;
|v 148
|
| 588 |
|
|
|a Description based on CIP data; resource not viewed.
|
| 650 |
|
0 |
|a Protein folding.
|
| 650 |
|
0 |
|a Proteins
|x Metabolism
|x Disorders.
|
| 650 |
|
6 |
|a Protéines
|x Repliement.
|
| 650 |
|
6 |
|a Protéines
|x Troubles du métabolisme.
|
| 650 |
|
7 |
|a Protein folding
|2 fast
|
| 650 |
|
7 |
|a Proteins
|x Metabolism
|x Disorders
|2 fast
|
| 655 |
|
7 |
|a Electronic books.
|2 local
|
| 700 |
1 |
|
|a Bhat, Ajaz A.,
|e editor.
|
| 710 |
2 |
|
|a ScienceDirect (Online service)
|
| 776 |
0 |
8 |
|i Print version :
|z 9780443294143
|
| 856 |
4 |
0 |
|u http://proxy.library.tamu.edu/login?url=https://www.sciencedirect.com/science/bookseries/18761623/148
|z Connect to the full text of this electronic book
|t 0
|
| 955 |
|
|
|a Elsevier ScienceDirect 2026-2027
|
| 994 |
|
|
|a 92
|b TXA
|
| 999 |
f |
f |
|i 262fdb24-116a-42d7-8559-356ec80bc618
|s 82a47920-c8c9-4fc8-a73e-0485d698ed92
|t 0
|
| 952 |
f |
f |
|a Texas A&M University
|b College Station
|c Electronic Resources
|s www_evans
|d Available Online
|t 0
|e RC632.P7
|h Library of Congress classification
|
| 998 |
f |
f |
|a RC632.P7
|t 0
|l Available Online
|